Streets in Bergen - letter C Quiz Stats

 Plays Quiz not verified by Sporcle

Score 0/13 Timer 05:00
0 Plays Today
Street % Correct
C. Sundts Gate
80%
Camilla Colletts Gate
80%
Cappes Vei
80%
Christies Gate
80%
Conrad Mohrs Veg
80%
C. J. Hambros Vei
60%
Carl Konows Gate
60%
Christinegård
60%
Claus Fastings Gate
60%
Claus Frimanns Gate
60%
Cort Piil-Smauet
60%
Christian Michelsens Gate
40%
Claus Ockenssmauet
40%

You're not logged in!

Compare scores with friends on all Sporcle quizzes.
OR
Log In

Sporcle TV

Today on Sporcle TV


Watch our educational content, quiz creation guides, and fun videos on Sporcle TV.

Show Comments

Extras

Created Aug 9, 2014ReportNominate
Tags:Letter Quiz, bergen, street

Top Quizzes Today


Score Distribution

Your Account Isn't Verified!

In order to create a playlist on Sporcle, you need to verify the email address you used during registration. Go to your Sporcle Settings to finish the process.

Report this User

Report this user for behavior that violates our Community Guidelines.

Details: